Statistics for Busiest Airports In The United States

Click here to take the quiz!

General Stats

  • This quiz has been taken 87 times
    (55 since last reset)
  • The average score is 25 of 30

Answer Stats

Passengers City % Correct
48,543,554Chicago
100%
43,930,677New York City
98%
17,749,202Boston
96%
50,476,272Atlanta
96%
31,274,875Dallas / Fort Worth
96%
25,706,994San Francisco
94%
20,796,994Miami
94%
21,887,110Seattle / Tacoma
92%
20,283,479Orlando
92%
39,635,691Los Angeles
92%
21,969,343Washington, D.C.
90%
20,027,073Houston
90%
28,246,269Denver
88%
10,340,164San Diego
88%
22,665,289Las Vegas
88%
14,521,408Philadelphia
86%
9,071,154Portland
84%
21,955,996Charlotte
82%
20,896,229Phoenix
80%
16,826,287Detroit
80%
9,194,576Tampa
78%
18,109,982Minneapolis / St. Paul
78%
6,239,231St. Louis
69%
5,708,852Nashville
67%
5,797,547Austin
67%
12,340,183Baltimore
67%
11,141,970Salt Lake City
67%
9,656,340Honolulu
67%
19,834,792Newark
65%
14,263,202Fort Lauderdale
31%

Score Distribution

Percentile by Number Answered

Percent of People with Each Score

Your Score History

You have not taken this quiz since the last reset